Quizzes
Events
Quiz Creation
Community
Videos
Private Events
Remove Ads
Sign In
Join for FREE
Feedback
Dark Mode
Quiz Categories
Sports
Geography
Music
Movies
Television
Just For Fun
Miscellaneous
History
Literature
Language
Science
Gaming
Entertainment
Religion
Holiday
For Kids
Quiz Lab
Recent
Popular Today
Quiz Kudos Today
Editor Picks
Curator Picks
Quizzes by...
Day
Popularity
Type
Ratings
Length
Year
Community
Subscriptions
Recent Discussions
Orange Saloon
Badges
Playlists
Quests
Create
Leaderboards
Showdown
Live 5
Trivia Bingo
Activity
Puzzle Library
Sporcle Events
Private Events
Virtual Trivia
Globe League
Become a Host
Pub Owners
SporcleCon
Opinionation
Our Games
Videos
Blog
Mobile Apps
Partnerships
Remove Ads and Go Orange
Feedback
Literature
Harry Potter
A Song of Ice and Fire
The Hunger Games
Literary Character
Shakespeare
Book
Author
Novel
Poem
Young Adult
Children's Books
Play
Lord of the Rings
Literature
Harry Potter
A Song of Ice and Fire
The Hunger Games
Literary Character
Shakespeare
Book
Author
Novel
Poem
Young Adult
Children's Books
Play
Lord of the Rings
Random Quiz
Search Sporcle
×
Quiz Lab
Quiz Lab
Literature
The Dark Tower
Type in answers that appear in a list
Type in answers that appear in a list
Classic
Best Score? Go Orange.
Stephen King's Dark Tower: Characters Stats
Can you name the main characters in the Dark Tower series?
By
joesevenand7
7m
10 Questions
580 Plays
580 Plays
580 Plays
Comments
Comments
Give Quiz Kudos
Give Quiz Kudos
-
- Ratings
hide this ad
Replay
Link that replays current quiz
Next Quiz
Link to next quiz in quiz playlist
You Got
0%
They Got
Avg Score
75%
Avg Friend Score
Upgrade to see
Score Distribution
Jump to the score distribution portion of the page
Score
0/10
Timer
07:00
0
Plays Today
Hint
Answer
% Correct
The son of Steven
Roland Deschain
94.1%
gold ringed eyes
Oy
89.8%
The prisoner
Eddie Dean
89.1%
The boy
Jake Chambers
87.1%
The lady of Shadows
Susannah Dean
82.4%
the girl at the window
Susan Delgado
71.6%
smart mouthed with a slingshot
Cuthbert Allgood
70.7%
The Man in Black/
Walter
Randall Flagg
60%
has 'the touch'
Alain Johns
57.4%
The Good Man
John Farson
56.6%
Quiz Playlist
Details
Report
Send in Message
Add To Playlist
Classic:
Type in answers that appear in a list
Last Updated: Apr 11, 2017
Quiz Scoreboard
CHALLENGE
Sign Up to Join the Scoreboard
Show All
Scores
Hide
Comments
May contain spoilers
Recently Published
Decade Duel: World Leaders
by jenniferyan
History
4m
Alphabetical 'K' Countries by Flag Minefield
by ylime102
Geography
3m
Pick 6: Fruits
by JohnFran
Miscellaneous
15s
More to Explore
Quiz From the Vault
Featured Blog Post
15 Basketball Trivia Facts You Can Be March Mad About
hide this ad
You Might Also Like...
Tags
Character
dark
Dark Tower
King
stephen
The Dark Tower
Tower
Today's Top Quizzes in Literature
Browse Literature
hide this ad
Top Contributed Quizzes in Literature
1
Season Plays
2
Pick 3: Harry Potter Hogwarts Quidditch Players
3
Harry Potter Characters: Logic Puzzle
4
Hogwarts Midnight Escape
5
Word Ladder: King's 'The Stand'
6
Harry Potter logic puzzle: Triwizard Tournament
7
Spring Reading List
8
Literature Acrostic Puzzle
9
Criteria Quiz: Harry Potter Gryffindors
10
4-to-1 Blitz: Harry Potter
Explore More
Trending Topics
NBA
Anime
Crossword
Kpop
Harry Potter
Disney
Marvel
Song
NFL
The Office
Soccer
WWE
Puzzle
Country
Pokémon
hide this ad
More By:
joesevenand7
Quiz
Plays
Rating
Category
Featured
Created
2000-2010 NBA Top 10 Pick Colleges
829
2.14
Sports
Nov 21, 2010
Stephen King's Dark Tower: Characters
580
4.33
Literature
Jun 14, 2010
Anthony Green music
48
Music
Jun 7, 2010
Name the alt rock singer
19
5.00
Music
Nov 17, 2010
Go to Creator's Profile
Score Distribution
Quiz Creator Spotlight
joesevenand7
Follow
Send a Message
Quizzes Created
-
Created Quiz Play Count
-
More By This Creator
Popular Quizzes Today
1
Countries of Asia Without Outlines Minefield
2
Find the US States - No Outlines Minefield
3
Pick 6: Fruits
4
Alphabetical 'K' Countries by Flag Minefield
5
The Countries of the World
6
Find the Countries of Europe - No Outlines Minefield
7
Find the US States
8
US States
More Literature Quizzes
Christmas Pick: Poem
Quiz Lab
Trending Quizzes
Pick 6: Mountains
Pick 6: Harry Potter
Pick 6: Flags
Pick 6: NFL Teams
Pick 6: Movie Franchises
Recently Updated
Adaptations: Name the Title
pecheneg
NWSL Teams
pecheneg
Women's Final Four Teams by Year
bhenderson79
Presidents Quartet II
eogle
Anything But Clue(do)
eogle
Anything But Oceanian Capitals
eogle
Anything But 7
eogle
Anything But Thing
eogle
Word Ladder: February 29
pecheneg
Song Title Questions
pecheneg
Trending Topics
Harry Potter
Crossword
NBA
Marvel
Kpop
Disney
Anime
The Office
Country
Soccer
Puzzle
Pokémon
WWE
Song
NFL
Your Account Isn't Verified!
In order to create a playlist on Sporcle, you need to verify the email address you used during registration. Go to your
Sporcle Settings
to finish the process.
Report this User
Report this user for behavior that violates our
Community Guidelines
.
Details:
Send Report
Go to the Sporcle.com Mobile Site →
Comments